000 00761nam a2200265Ia 4500
003 OSt
005 20221006145300.0
006 a|||||r|||| 00| 0
007 ta
008 221006b |||||||| |||| 00| 0 eng d
020 _c
_24.95
024 _a14,332
037 _bGift, Korea Foundation
_cTextual
040 _aEASL
_cEASL
_beng
041 _2eng
_aeng
082 _aV495y7, N3
100 _aSACCONE Richard
_9654006
245 0 _aKoreans to remember
_b Fifty famous people who helped shape Korea
260 _aElizabeth
_bHollym International Corp. USA
_c1993
300 _a245p.
_ccm.
490 _v KEL
650 _aKEL
942 _hV495y7, N3
_cTEXL
_2CC
999 _c1082418
_d1082418